-
Ramamurthy Prof. T N & Sitharam Prof. T G
Entry Personal Name
Number of records used in: 1
001 - CONTROL NUMBER
003 - CONTROL NUMBER IDENTIFIER
005 - DATE AND TIME OF LATEST TRANSACTION
- control field:
20160630130157.0
008 - FIXED-LENGTH DATA ELEMENTS
- fixed length control field:
160630|| aca||aabn | a|a d
040 ## - CATALOGING SOURCE
- Original cataloging agency:
OSt
- Transcribing agency:
OSt
100 ## - HEADING--PERSONAL NAME
- Personal name:
Ramamurthy Prof. T N & Sitharam Prof. T G
670 ## - SOURCE DATA FOUND
- Source citation:
Work cat.: (OSt): Ramamurthy Prof. T N & Sitharam Prof. T G, Geotechnical Engineering, 2014